Normal view
MARC view
Entry Topical Term
001 - CONTROL NUMBER
- control field: 23603
003 - CONTROL NUMBER IDENTIFIER
- control field: OSt
005 - DATE AND TIME OF LATEST TRANSACTION
- control field: 20210319110244.0
008 - FIXED-LENGTH DATA ELEMENTS
- fixed length control field: 210319|| aca||aabn | a|a d
040 ## - CATALOGING SOURCE
- Original cataloging agency: OSt
- Transcribing agency: OSt
150 ## - HEADING--TOPICAL TERM
- Topical term or geographic name entry element: Public sector organizations, Public management, Leadership
670 ## - SOURCE DATA FOUND
- Source citation: Work cat.: (OSt)515065: Carter, Chris, Spence, Crawford and McKinlay, Alan. 23602, Strategic change, leadership and accounting: A triptych of organizational reform
